A filozófia
Elmentve itt :
| Szerző: | |
|---|---|
| Adatforrás: | Philobibl |
| Dokumentumtípus: | Könyv |
| Nyelv: | magyar |
| Megjelent: |
Bp.
Akadémiai K.
1991
|
| LEADER | 00309nam a2200121 c 4500 | ||
|---|---|---|---|
| 001 | bibDOK00000617 | ||
| 005 | 20200924115705.4 | ||
| 008 | 060518s1991 hu hun | ||
| 100 | 2 | |a Halasy-Nagy József | |
| 245 | 1 | 2 | |a A filozófia |c Halasy-Nagy József |
| 260 | |a Bp. |b Akadémiai K. |c 1991 | ||
| 300 | |a 406 p. | ||
| 500 | |a reprint | ||